| 000 | 00611nam a2200241Ia 4500 | ||
|---|---|---|---|
| 005 | 20250425160648.0 | ||
| 008 | 250425s9999 xx 000 0 und d | ||
| 041 | _aspa | ||
| 043 | _aec | ||
| 082 | _a330.9866 | ||
| 100 | _aVICUÑA IZQUIERDO, LEONARDO | ||
| 245 | 0 | _aECONOMIA ECUATORIANA: RECURSOS, CARACTERISTICAS Y PROBLEMAS | |
| 250 | _a1A ED. | ||
| 260 |
_aEcuador _bUNIVERSIDAD DE GUAYAQUIL _c1998 |
||
| 260 | _aGUAYAQUIL | ||
| 300 | _a200 | ||
| 650 | _aECUADOR | ||
| 650 | _aPROBLEMAS SOCIALES | ||
| 650 | _aPRODUCCION | ||
| 650 | _aRECURSOS NATURALES | ||
| 942 | _c01 | ||
| 010 | _a1682 | ||
| 999 |
_c193647 _d193647 |
||